Arquitectura y urbanismo de la ciudad de San Luis Potosí en el siglo XVII (Record no. 172312)

MARC details
000 -LEADER
fixed length control field 00847nam a22001937a 4500
005 - DATE AND TIME OF LATEST TRANSACTION
control field 20251017154217.0
008 - FIXED-LENGTH DATA ELEMENTS--GENERAL INFORMATION
fixed length control field 251017b mx |||||||| |||| 00| 0 spa d
020 ## - INTERNATIONAL STANDARD BOOK NUMBER
International Standard Book Number 968767458X
050 04 - LIBRARY OF CONGRESS CALL NUMBER
Classification number F1391.S19
Item number G35 1999
100 1# - MAIN ENTRY--PERSONAL NAME
Personal name Galván Arellano, Alejandro
245 10 - TITLE STATEMENT
Title Arquitectura y urbanismo de la ciudad de San Luis Potosí en el siglo XVII
Statement of responsibility, etc / Alejandro Galván Arellano.
260 ## - PUBLICATION, DISTRIBUTION, ETC. (IMPRINT)
Place of publication, distribution, etc San Luis Potosí, México :
Name of publisher, distributor, etc Universidad Autónoma de San Luis Potosí, Facultad del Habitat,
Date of publication, distribution, etc 1999
300 ## - PHYSICAL DESCRIPTION
Extent 268 p. :
Other physical details il. ;
Dimensions 27 cm.
504 ## - BIBLIOGRAPHY, ETC. NOTE
Bibliography, etc Bibliografía : p. 259-264
650 #7 - SUBJECT ADDED ENTRY--TOPICAL TERM
Topical term or geographic name as entry element Asentamiento de tierras
Geographic subdivision San Luis Potosí (México)
General subdivision Historia
Chronological subdivision Siglo XVII
Source of heading or term lemb
650 #7 - SUBJECT ADDED ENTRY--TOPICAL TERM
Topical term or geographic name as entry element Arquitectura
Geographic subdivision San Luis Potosí (México)
General subdivision Historia
Chronological subdivision Siglo XVII
Source of heading or term lemb
651 #0 - SUBJECT ADDED ENTRY--GEOGRAPHIC NAME
Geographic name San Luis Potosí (México)
General subdivision Historia
Chronological subdivision Siglo XVII
942 ## - ADDED ENTRY ELEMENTS (KOHA)
Source of classification or shelving scheme Biblioteca del Cogreso de los Estados Unidos
Koha item type Libro
Holdings
Estado de pérdida Fuente de clasificación Estado del daño No para préstamo Ubicación permanente Ubicación actual Apartado o colección Fecha de adquisición Edición Área del conocimiento Total Checkouts Clasificación Código de Barras Date last seen Número de copia Costo por reposición Tipo de recurso Nota pública
  Biblioteca del Cogreso de los Estados Unidos     Biblioteca de la Facultad de Arquitectura Biblioteca de la Facultad de Arquitectura General 17/10/2025 1a ed. Educación y Humanidades   F1391.S19 G35 1999 BFA000006345 17/10/2025 1 1.00 Libro POSGRADO